| Tag |
First Indicator |
Second Indicator |
Subfields |
| LEADER |
00000cam a2200000 4500 |
| 001 |
in00000287421 |
| 005 |
20151010073325.0 |
| 008 |
690424s1969 mnuc b 01000 eng |
| 010 |
|
|
|a 69014189
|
| 035 |
|
|
|a (OCoLC)00004977
|
| 035 |
|
|
|9 ABF0697AM
|
| 037 |
|
|
|c 3.50
|
| 040 |
|
|
|a DLC
|c DLC
|d TXA
|d UtOrBLW
|
| 049 |
|
|
|a TXAM
|c [635375]
|
| 050 |
0 |
0 |
|a BR326
|b .I5
|
| 082 |
0 |
|
|a 284/.1/0924
|
| 245 |
0 |
0 |
|a Interpreting Luther's legacy ;
|b essays in honor of Edward C. Fendt /
|c Edited by Fred W. Meuser and Stanley D. Schneider.
|
| 264 |
|
1 |
|a Minneapolis :
|b Augsburg Pub. House,
|c [1969]
|
| 300 |
|
|
|a ix, 189 pages :
|b portrait ;
|c 23 cm.
|
| 336 |
|
|
|a text
|b txt
|2 rdacontent
|
| 337 |
|
|
|a unmediated
|b n
|2 rdamedia
|
| 338 |
|
|
|a volume
|b nc
|2 rdacarrier
|
| 500 |
|
|
|a Originally given as lectures at the Evangelical Lutheran Theological Seminary, Columbus, Ohio, 1967-68, in commemoration of the 450th anniversary of the Reformation.
|
| 505 |
0 |
|
|a Luther and the First commandment, by R. M. Hals.--Luther's principles of Biblical interpretation, by R. W. Doermann.--Scripture and tradition in Luther and in our day, by T. S. Liefeld.--The changing Catholic view of Luther, by F. W. Meuser.--A positive response to Erik Erikson's Young man Luther, by L. Elhard.--The Smalcald Articles and their significance, by J. S. Schaaf.--Luther's understanding of heaven and the hell, by H. Schwarz.--Concern for the person in the Reformation. by H. H. Zietlow.--Luther's liturgical surgery, by E. L. Brand.--Luther, preaching, and the Reformation, by S. D. Schneider.--Luther as Seelsorger, by A. H. Becker.--Martin Luther, parish educator, by G. H. Doermann.--Luther, man of prayer, by L. Ludwig.--Notes (p. 177-189)
|
| 600 |
1 |
0 |
|a Luther, Martin,
|d 1483-1546.
|
| 700 |
1 |
|
|a Fendt, Edward C.
|q (Edward Charles),
|d 1904-1979.
|
| 700 |
1 |
|
|a Meuser, Fred W.
|
| 700 |
1 |
|
|a Schneider, Stanley D.
|
| 710 |
2 |
|
|a Evangelical Lutheran Theological Seminary (Columbus, Ohio)
|
| 999 |
|
|
|a MARS
|
| 999 |
f |
f |
|s 569ca833-d9cf-3e0d-8bdf-3bbe553ef171
|i c37595fe-f811-3938-9fa9-d7bb83704ac4
|t 0
|
| 952 |
f |
f |
|p ric
|a Texas A&M University
|b Rellis Campus
|c Joint Library Facility
|d Remote Storage
|t 0
|e BR326 .I5
|h Library of Congress classification
|i unmediated -- volume
|m A14801766703
|
| 998 |
f |
f |
|a BR326 .I5
|t 0
|l Remote Storage
|